| 000 | 00975cam a22002531i 4500 | ||
|---|---|---|---|
| 003 | SA-RiAUC | ||
| 005 | 20260306131423.0 | ||
| 008 | 260302q19001999ir g 000 0 ara c | ||
| 040 |
_aSA-JeALM _bara _cSA-RiAUC _erda |
||
| 050 | 1 | 4 | _b.I72 1996 |
| 082 | 0 | 4 | _a258.6 |
| 090 |
_a258.6 _bا ي ر |
||
| 100 | 1 |
_aالأيرواني، باقر، _d1949- _eمؤلف. |
|
| 245 | 1 | 0 |
_aدروس تمهيدية في الفقه الإستدلالي / _bقسم العقود _cباقر الأيرواني. |
| 250 |
_aالطبعة الثانية. _bمنقحة |
||
| 264 | 1 |
_aقم، إيران : _bالمركز العالمي للدراسات الإسلامية، _c2002 |
|
| 300 |
_a194 صفحة ؛ _c24 سم |
||
| 336 |
_aنص _btxt _2rdacontent _3كتاب |
||
| 337 |
_aبدون وسيط _bn _2rdamedia |
||
| 650 | 7 |
_aفقه الشيعة _2aucsh |
|
| 650 | 7 |
_aالفقه الإسلامي _xمذاهب _2aucsh |
|
| 942 |
_2ddc _cBOOK _n0 |
||
| 949 |
_aSA-JeALM _d260302 _uosman123 _n1 |
||
| 999 |
_c14492 _d14492 |
||